000 00522nam a2200193 4500
003 IIN
005 20250408152724.0
008 250408b |||ad||| |||| 001 0 eng d
020 _a9789386896575
_c350.00
040 _aIIN
082 _a428.0077
_bLUT
100 _aLuther, Shammi
245 _aCommunicative English for Nursing Students
_cShammi Luther
260 _aJalandhar
_bLotus Publishers
_c2021
300 _a300 p.
_bill.
500 _aIncludes Index
650 _aCommunicative English
_xNursing
942 _cBOOK
999 _c1737
_d1737